000 00391 a2200169 4500
001 195066
020 _a978-85-01-40304-9
040 _cMagnum
100 _aWeisberger, Lauren
240 1 0 _aA vingança veste prada
_lpor
245 1 0 _aA vingança veste prada
300 _a447
362 0 _a2013
440 1 _aRecord
697 _aLITERATURA INFANTO-JUVENIL ESTRANGEIRA
942 _cBK
999 _c195066
_d195066